Jiné podmínky - jiné přístupy nový pohled na segmentaci

Nástup segmentovo orientovaného marketingu v 70. rokoch minulého storočia vystriedal proces vytvárania trhových fragmentov. Marketing orientovaný viac na individuálneho zákazníka. Drobenie trhov ako výsledok rastúcich požiadaviek zákazníka i zostrujúceho sa boja o zákazníka.

Enregistré dans:
Détails bibliographiques
Auteur principal: Tomek, Gustav
Autres auteurs: Vávrová, Věra
Format: Chapitre de livre
Langue:tchèque
Sujets:
Tags: Ajouter un tag
Pas de tags, Soyez le premier à ajouter un tag!

MARC

LEADER 00000naa$a2200000$$$4500
001 0031163
005 20231114075230.5
041 0 |a cze 
044 |a CZ 
245 1 0 |a Jiné podmínky - jiné přístupy  |b nový pohled na segmentaci  |c Gustav Tomek, Věra Vávrová 
520 |a Nástup segmentovo orientovaného marketingu v 70. rokoch minulého storočia vystriedal proces vytvárania trhových fragmentov. Marketing orientovaný viac na individuálneho zákazníka. Drobenie trhov ako výsledok rastúcich požiadaviek zákazníka i zostrujúceho sa boja o zákazníka. 
610 2 0 |a marketing 
610 2 0 |a segmentácia trhu 
610 2 0 |a marketing strategický 
610 2 0 |a zákazníci 
100 1 |a Tomek, Gustav 
700 1 |a Vávrová, Věra